000 01239cam a22003737a 4500
003 CHAP
005 20220817043121.0
008 971013s1987 it a r 00010 eng d
010 _a66175
011 _a67147
020 _a9251029297
035 _a76617
040 _cCHAP
082 _a636.08
_bF3y v.68
110 _aFAO
245 1 0 _aCrossbreeding Bos indicus and Bos taurus for milk production in the tropics
_c/ by E.P. Cunningham and O. Syrstad
260 _aRome :
_bFAO,
_c1987
300 _a90 p.
_b: ilus.
490 0 _aFAO. Producción y sanidad animal
_v; 68
590 _aBATCH-UPD
_b10
_c20130110
_lUCH01
_h0520
590 _aBATCH-UPD
_b10
_c20130410
_lUCH01
_h0159
590 _aBATCH-UPD
_b10
_c20130914
_lUCH01
_h1138
590 _aCONVERSION
_b10
_c20130109
_lUCH01
_h1336
650 1 4 _aGanado lechero
_xCruzas.
_945253
650 1 4 _aGanado lechero
_xMejoramiento.
_945274
650 1 4 _aGanado lechero
_xTrópicos.
_945303
650 1 4 _aLeche
_xProducción.
_965400
700 0 _aCunningham, E. P.
_930458
700 0 _aSyrstad, O.
_9111160
830 0 _aFAO. Producción y sanidad animal
_v; 68
_939655
901 _aBK
942 _cLIBRO
949 _a636.08 F3y v.68
_bBC
_cFAO
_d33724002128009
_eFAO1
_h74505
_i76617
_sb
999 _c66175
_d66175